| 000 | 00525nam a22001697a 4500 | ||
|---|---|---|---|
| 003 | BD-DhUL | ||
| 005 | 20190808143452.0 | ||
| 008 | 181017s1919 ii ||||| |||| 00| 0 urd d | ||
| 040 |
_aBD-DhUL _cBD-DhUL |
||
| 082 |
_a954 _bILB |
||
| 100 | 1 | 0 | _aالیاس، محمد۔ |
| 245 | 1 | 0 |
_aبرطانوی حکومت ہند / _cمحمد الیاس |
| 260 |
_aحیدرآباد دکن : _b دار الطبع سرکاری عام، _c۱۹۱۹۔ |
||
| 300 |
_aص۔ ۲۲۱ ؛ _c۲۴ سم۔ |
||
| 650 | 4 |
_aIndia _vHistory. |
|
| 942 |
_2ddc _cBK |
||
| 999 |
_c249307 _d249307 |
||